| 000 | 007320000a22002050004500 | ||
|---|---|---|---|
| 090 |
_aAR _b02264 |
||
| 245 | 1 | 0 | _aRevision of north american Aleiodes wesmael (<part 4>) the Albitibia herrich-schaeffer and praetor reinhard species groups (<Hymenoptera: Braconidae: Rogadinae>) in the new world |
| 650 | 1 | 4 |
_aParasitos _98260 |
| 650 | 1 | 4 |
_aEntomología _94483 |
| 650 | 1 | 4 |
_aBiología _992 |
| 651 | 4 |
_pEstados Unidos _992749 |
|
| 651 | 4 |
_pCanada _992749 |
|
| 653 | _gAleiodes | ||
| 041 | 0 | _aInglés | |
| 700 | 1 |
_aMarsh, Paul M. _995781 |
|
| 700 | 1 |
_aFortier, Joseph C. _995782 |
|
| 100 | 1 |
_aShaw, Scott R. _995783 |
|
| 942 | _cARTICULO | ||
| 773 | 1 |
_tProceedings of the Entomological Society of Washington _3427 _h3 _q553-565 _d1998 _g100 |
|
| 999 |
_c11336 _d11336 |
||